Nationally Unrecognized Languages of Europe - Statistics

General Stats
  • This quiz has been taken 121 times
  • The average score is 17 of 45
Answer Stats
Answer % Correct
Basque
72%
Sicilian
72%
Sardinian
69%
Corsican
67%
Galician
67%
Occitan
63%
Tatar
63%
Breton
61%
Frisian
60%
Romani
55%
Scots
55%
Venetian
50%
Lombard
48%
Chechen
46%
Asturian
43%
Silesian
43%
Yiddish
43%
Ligurian
41%
Aromanian
40%
Chuvash
39%
Picard
39%
Walloon
39%
Gagauz
35%
Extremaduran
34%
Bashkir
33%
Udmurt
33%
Mari
32%
Crimean Tatar
30%
Limburgish
29%
Komi
28%
Low German
28%
Ingush
27%
Adyghe
25%
Ladino
24%
Avar
23%
Erzya
23%
kabardian
20%
Swabian
18%
Ripuarian
13%
Upper Saxon
13%
Karachay-Balkar
8%
Friulan
6%
Mainfrankisch
6%
Tabasaran
5%
Pierdmontese
0%
No matching quizzes found
Score Distribution
Percent of People with Each Score
Percentile by Number Answered
Your Score History
You have not taken this quiz